01051nam a2200229 i 45000010005000000030009000050050017000140070003000310080041000340200018000750800015000932450292001082500015004002600097004153000022005126500029005347000026005637100062005898520033006519990015006849520122006998470ES-MaACL20230906145449.0t|920618s1991 sp ||||1| spa d a84-86852-11-0 a323.114(4)00aInforme Ford sobre el racismo en Europa b: Comunidades Europeas. Parlamento europeo. Documentos de la sesión : Informe elaborado en nombre de la Comisión de investigación del racismo y la xenofobia, sobre las conclusiones de la Comisión de Investigación / cponente: Sr. Ford. a[1ª ed.]. aMadrid : bMinisterio de Asuntos Sociales, Instituto Nacional de Servicios Sociales, c1991. a283 p. ; c24 cm.14aRacismo-zEuropa.9166531 aFord, James G.9517042 aInstituto Nacional de Servicios Sociales (España)95189 aES-MaACLjL-15846 bR.120427 c8470d8470 00104070aATENEOMbATENEOMcDEPO2d2008-01-17eSCl0oL-15846p1008649r2023-02-23 00:00:00w2023-02-23yMONOGRAFIA